El tratamiento del paludismo / (Record no. 120529)

MARC details
000 -LEADER
campo de control de longitud fija 00757nam a2200229 i 4500
001 - NÚMERO DE CONTROL
campo de control 120529
003 - IDENTIFICADOR DE NÚMERO DE CONTROL
campo de control ES-MaACL
005 - FECHA Y HORA DE LA ÚLTIMA TRANSACCIÓN
campo de control 20230906191554.0
007 - CAMPO FIJO DE DESCRIPCIÓN FÍSICA--INFORMACIÓN GENERAL
campo de control de longitud fija t|
008 - DATOS DE LONGITUD FIJA--INFORMACIÓN GENERAL
campo de control de longitud fija 070214s1934 sp r ||||1| spa d
080 ## - NÚMERO DE LA CLASIFICACIÓN DECIMAL UNIVERSAL
Número de la Clasificación Decimal Universal 616.936-085
100 1# - ENTRADA PRINCIPAL--NOMBRE DE PERSONA
Nombre de persona Pittaluga, Gustavo,
Fechas asociadas al nombre 1876-1956
9 (RLIN) 155591
245 13 - MENCIÓN DEL TÍTULO
Título El tratamiento del paludismo /
Mención de responsabilidad, etc. Gustavo Pittaluga.
260 ## - PUBLICACIÓN, DISTRIBUCIÓN, ETC.
Lugar de publicación, distribución, etc. Madrid :
Nombre del editor, distribuidor, etc. [s. n.],
Fecha de publicación, distribución, etc. 1934 (
Fabricante Tip. A. F.)
300 ## - DESCRIPCIÓN FÍSICA
Extensión 96 p., 6 h. ;
Dimensiones 19 cm.
490 1# - MENCIÓN DE SERIE
Mención de serie Colección de monografías de los tratamientos actuales ;
Designación de volumen o secuencia 1
504 ## - NOTA DE BIBLIOGRAFÍA, ETC.
Nota de bibliografía, etc. Bibliografía: p. [97-105]
650 04 - PUNTO DE ACCESO ADICIONAL DE MATERIA--TÉRMINO DE MATERIA
Término de materia o nombre geográfico como elemento de entrada Paludismo.
9 (RLIN) 15811
830 0# - PUNTO DE ACCESO ADICIONAL DE SERIE-TÍTULO UNIFORME
Título uniforme Colección de monografías de los tratamientos actuales ;
Designación de volumen o secuencia 1
9 (RLIN) 218683
852 ## - LOCALIZACIÓN
Ubicación ES-MaACL
Número de control de estantería 1828-F-9
Holdings
Estatus retirado Estado de pérdida Estado de daño No para préstamo Colección Biblioteca de origen Biblioteca actual Ubicación en estantería Fecha de adquisición Fuente de adquisición Total de préstamos Signatura topográfica completa Código de barras Visto por última vez Precio de reemplazo Tipo de ítem Koha
        Colección de folletos Biblioteca del Ateneo de Madrid Biblioteca del Ateneo de Madrid Depósito folletos 17/01/2008     1828-F-9 1125633 23/02/2023 23/02/2023 Folleto